Sciences par lettre - G - Statistiques

Statistiques générales
  • Ce quiz a été pris 181 fois
  • Le résultat moyen est 15 sur 20
Statistiques - réponses
Indices Réponses % Correct
Période entre la fécondation et l'accouchement, durant généralement 9 mois chez la femme Grossesse
95%
Médecin spécialiste de l'appareil génital féminin Gynécologue
94%
Phénomène physique responsable de l'attraction qui s'exerce entre deux corps possédant une masse Gravitation
93%
Vertébré de la classe des amphibiens, souvent utilisé comme modèle lors des dissections en SVT Grenouille
93%
Sucre, de formule brute C6H12O6, très répandu dans la nature (miel, raisin, amidon…) Glucose
91%
Euclide est considéré comme le père de cette branche des mathématiques qui étudie les figures du plan et de l'espace Géométrie
90%
Cellule, de type blanc ("leucocyte") ou rouge ("hématie" / "érythrocyte"), en suspension dans le sang Globule
90%
Transplantation d'un organe, d'un tissu ou d'une cellule d'un organisme donneur vers un organisme receveur Greffe
90%
Structure cosmique notamment composée d'étoiles, de gaz et de poussières interstellaires (à l'image de la Voie Lactée) Galaxie
87%
Scientifique italien, fervent défenseur de la théorie de l'héliocentrisme, célèbre pour ses observations astronomiques Galilée
83%
Préfixe du Système international (de symbole "G") qui, placé devant le nom d'une unité, la multiplie par 109 Giga
82%
Source d'eau chaude, d'origine volcanique, qui jaillit par intermittence en projetant de l'eau et de la vapeur Geyser
78%
Maladie infectieuse respiratoire aiguë très contagieuse, due au virus Influenza de type A, B ou C Grippe
78%
État dispersé et désordonné de la matière, dans lequel les particules occupent tout l'espace disponible Gazeux
72%
Technologie qui permet, en s'appuyant par exemple sur le système GPS, de déterminer la position d'un objet ou d'un individu à l'aide de ses coordonnées géographiques Géolocalisation
69%
Roche magmatique plutonique (formée de quartz, de feldspaths et de micas), principal constituant de la croûte continentale terrestre Granite
60%
Instrument permettant de détecter et de mesurer la plupart des rayonnements ionisants (alpha, bêta, gamma et X) Compteur {Geiger}
54%
L'une des quatre bases azotées constitutives de l'ADN (avec l'adénine, la thymine et la cytosine) Guanine
52%
Formation rocheuse dont la cavité interne est tapissée de cristaux scintillants Géode
51%
Cristal bidimensionnel d'atomes de carbone régulièrement répartis sur un réseau hexagonal en forme de nid d'abeilles Graphène
13%
Aucun quiz correspondant
Distribution des résultats
% des personnes avec chaque résultat
Percentile par nombre de réponses
Votre historique - résultats
Vous n’avez pas pris ce quiz